[Event "0pen Est 2012/2013"]
[Site "Aubagne"]
[Date "2013.03.23"]
[Round "7.9"]
[White "Mallet, Philippe"]
[Black "Vicari-Vento, Salvatore"]
[Result "1-0"]
[WhiteElo "1499"]
[BlackElo "1566"]
[PlyCount "85"]

1. f4 Nf6 2. Nf3 d6 3. Nc3 b6 4. e3 Bb7 5. b3 e6 6. Bb2 Be7 7. Bd3 Nc6 8. Ne4
Nxe4 9. Bxe4 Bf6 10. Bxf6 Qxf6 11. d4 d5 12. Bd3 O-O-O 13. c3 a6 14. Qe2 b5 15.
b4 h6 16. a4 bxa4 17. Bxa6 Bxa6 18. Qxa6+ Kd7 19. b5 Nb8 20. Qb7 Qe7 21. b6 Rc8
22. Rxa4 Kd8 23. Ne5 cxb6 24. Nxf7+ Ke8 25. Qxc8+ Kxf7 26. Qxh8 Qc7 27. Ra3 Nd7
28. O-O Nf6 29. Ra8 Kg6 30. Rc8 Qd6 31. Rf3 h5 32. Rg3+ Ng4 33. h3 Qa3 34. hxg4
Qc1+ 35. Kh2 hxg4 36. Rxg4+ Kf5 37. Rg5+ Ke4 38. Qh7+ Kxe3 39. Qh3+ Kf2 40.
Qg3+ Ke2 41. Re5+ Kd2 42. Qf2+ Kd3 43. Qe2# 1-0

[Event "0pen Est 2012/2013"]
[Site "Aubagne"]
[Date "2013.03.23"]
[Round "7.10"]
[White "Noireaut, Hoan"]
[Black "Benezra, David"]
[Result "1-0"]
[WhiteElo "1546"]
[BlackElo "1448"]
[PlyCount "35"]

1. d4 Nf6 2. Bf4 g6 3. Nc3 Bg7 4. e4 d6 5. h3 O-O 6. Nf3 c5 7. d5 Qb6 8. Rb1
Nxe4 9. Nxe4 Qb4+ 10. Nfd2 f5 11. c3 Qb6 12. Nc4 Qd8 13. Ng5 e5 14. dxe6 Bxe6
15. Be2 Re8 16. Nxd6 Qe7 17. Nxe8 Bc4 18. Nc7 1-0

[Event "0pen Est 2012/2013"]
[Site "Aubagne"]
[Date "2013.03.23"]
[Round "7.11"]
[White "Cocordano, Claire"]
[Black "Telouk, Olivier"]
[Result "0-1"]
[WhiteElo "1536"]
[BlackElo "1199"]
[PlyCount "78"]

1. e4 c5 2. Nf3 d6 3. c3 Nf6 4. e5 dxe5 5. Nxe5 g6 6. Bb5+ Bd7 7. Nxd7 Nbxd7 8.
O-O Bg7 9. d3 a6 10. Ba4 b5 11. Bb3 O-O 12. Nd2 Ne5 13. Ne4 Nxd3 14. Nxf6+ Bxf6
15. Bh6 Re8 16. Rb1 c4 17. Bc2 Qd6 18. Bxd3 cxd3 19. Qd2 Red8 20. Rbd1 Qd5 21.
a3 Rd6 22. Bf4 e5 23. Be3 e4 24. f3 Re8 25. fxe4 Qxe4 26. Rde1 Rde6 27. Bf2 Qd5
28. Rxe6 Rxe6 29. Re1 Bg5 30. Qd1 d2 31. Rxe6 fxe6 32. Kf1 Qd3+ 33. Kg1 Kg7 34.
h4 Be3 35. g3 e5 36. Kg2 e4 37. Kg1 Bxf2+ 38. Kxf2 e3+ 39. Kg2 e2 0-1

[Event "0pen Est 2012/2013"]
[Site "Aubagne"]
[Date "2013.03.23"]
[Round "7.12"]
[White "Le Mauff, Marc"]
[Black "Gamblin, Antoine"]
[Result "1-0"]
[WhiteElo "1460"]
[BlackElo "1287"]
[PlyCount "119"]

1. f4 d5 2. Nf3 Nc6 3. b3 Nf6 4. Bb2 e6 5. e3 Bc5 6. Bd3 Bd7 7. O-O Qe7 8. Ne5
O-O-O 9. a3 d4 10. Nxd7 Rxd7 11. e4 e5 12. f5 g6 13. Qf3 Ne8 14. a4 Nd6 15. f6
Qe8 16. Ba3 Bxa3 17. Nxa3 h5 18. Qh3 g5 19. Nb5 g4 20. Qg3 Qe6 21. Nxd6+ Rxd6
22. Bc4 Qd7 23. Qf2 Nb4 24. Rac1 c5 25. c3 Nc6 26. Qf5 Qxf5 27. Rxf5 Rh7 28.
cxd4 Rxd4 29. d3 Rd6 30. Kf2 Nd4 31. Rxe5 Rxf6+ 32. Ke3 b6 33. Re8+ Kc7 34.
Re7+ Kb8 35. Bd5 a5 36. Rb7+ Kc8 37. Re7 Kd8 38. Re5 Kd7 39. Rg5 Ne6 40. Rf5
Rxf5 41. exf5 Nc7 42. Be4 f6 43. d4 cxd4+ 44. Kxd4 Kd8 45. Rc6 Rd7+ 46. Kc4 Ke7
47. Rxb6 Ne8 48. Re6+ Kf7 49. Bc6 Nd6+ 50. Kd5 Rd8 51. Rxd6 Rb8 52. Rd7+ Kf8
53. Kc4 Rb4+ 54. Kc3 Rb8 55. Rb7 Rc8 56. Rb6 Ke7 57. Kc4 Kd6 58. Kb5 Ke5 59.
Kxa5 Kxf5 60. Bd7+ 1-0

[Event "0pen Est 2012/2013"]
[Site "Aubagne"]
[Date "2013.03.23"]
[Round "7.13"]
[White "Plancq, Jacques"]
[Black "Vialette, Eric"]
[Result "0-1"]
[WhiteElo "1340"]
[BlackElo "1724"]
[PlyCount "74"]

1. e4 d6 2. d4 Nf6 3. Bd3 g6 4. Be3 Bg7 5. Qd2 Ng4 6. Bf4 e5 7. dxe5 Nxe5 8.
Nc3 Nxd3+ 9. Qxd3 O-O 10. Nf3 Nd7 11. O-O-O Nc5 12. Qd2 Bg4 13. h3 Bxf3 14.
gxf3 Qf6 15. Rhe1 Rfe8 16. Qe3 Ne6 17. e5 Qxf4 18. Qxf4 Nxf4 19. exd6 Rxe1 20.
Rxe1 cxd6 21. h4 Be5 22. Ne4 Kg7 23. Re3 f5 24. Nd2 Ng2 25. Rb3 b6 26. Rb4 Re8
27. c3 f4 28. Re4 Nxh4 29. Kc2 Nf5 30. Rc4 h5 31. Rc7+ Re7 32. Rc8 h4 33. Nf1
Bf6 34. Nh2 Re2+ 35. Kb3 Rxf2 36. Rc7+ Be7 37. Ng4 h3 0-1

[Event "0pen Est 2012/2013"]
[Site "Aubagne"]
[Date "2013.03.23"]
[Round "7.15"]
[White "Gamblin, Vincent"]
[Black "Benezra, Ruthy"]
[Result "1-0"]
[WhiteElo "1510"]
[BlackElo "1323"]
[PlyCount "101"]

1. e4 c5 2. c4 Nc6 3. Nf3 e6 4. Nc3 d6 5. d4 b6 6. d5 exd5 7. exd5 Ne5 8. Nxe5
dxe5 9. Qe2 Bd6 10. Ne4 Ne7 11. Nxd6+ Qxd6 12. Qe4 Bf5 13. Qe3 O-O 14. f4 exf4
15. Qxf4 Qf6 16. Be2 Ng6 17. Qg5 Qe5 18. Qe3 Rfe8 19. Qxe5 Rxe5 20. Kf2 Rae8
21. Bf3 Be4 22. Re1 Rf5 23. Bd2 Kf8 24. Re3 Bxf3 25. Rxf3 Rxf3+ 26. gxf3 Nf4
27. Bxf4 Ke7 28. Rg1 g6 29. Re1+ Kd7 30. Ra1 Ke7 31. a4 Kf6 32. a5 g5 33. Be3
h5 34. axb6 axb6 35. Ra6 Rb8 36. Bxc5 Ke5 37. Rxb6 Rc8 38. Rc6 Rb8 39. Bd6+ Kf6
40. Bxb8+ Ke7 41. b4 Kd7 42. b5 f5 43. b6 g4 44. fxg4 fxg4 45. b7 h4 46. Bf4
g3+ 47. hxg3 hxg3+ 48. Bxg3 Ke7 49. b8=Q Kd7 50. Qb7+ Kd8 51. Rc8# 1-0

[Event "0pen Est 2012/2013"]
[Site "Aubagne"]
[Date "2013.03.23"]
[Round "7.16"]
[White "Strate, Francois"]
[Black "Roche, Alain"]
[Result "0-1"]
[WhiteElo "1383"]
[BlackElo "1436"]
[PlyCount "98"]

1. d4 d5 2. Nf3 Nf6 3. Bf4 g6 4. Nc3 a6 5. e3 Bg7 6. Be2 O-O 7. Ne5 Be6 8. h4
Nc6 9. Nxc6 bxc6 10. h5 Qd7 11. hxg6 fxg6 12. Na4 Qc8 13. Nc5 Bf7 14. c3 Ne4
15. Nxe4 dxe4 16. Bg4 Be6 17. Bxe6+ Qxe6 18. Bxc7 Qf5 19. Bg3 c5 20. Rc1 Rad8
21. Rh4 cxd4 22. cxd4 g5 23. Rc5 Rd5 24. Rxd5 Qxd5 25. Rh5 Qa5+ 26. Kf1 Qb6 27.
Kg1 h6 28. Qc2 Qf6 29. Qb3+ Kh7 30. Qc2 Rc8 31. Qd1 Kg6 32. f3 exf3 33. gxf3
Rd8 34. Rh2 e6 35. Rc2 Kh7 36. Kg2 g4 37. Rc5 Rd5 38. e4 gxf3+ 39. Qxf3 Qxf3+
40. Kxf3 Rxd4 41. Ke3 Rb4 42. b3 Bd4+ 43. Kf4 Bxc5 44. Ke5 Rb6 45. Be1 a5 46.
Bxa5 Ra6 47. b4 Be7 48. a4 h5 49. Kf4 Kg6 0-1

[Event "0pen Est 2012/2013"]
[Site "Aubagne"]
[Date "2013.03.23"]
[Round "7.17"]
[White "Frontera, Pierre"]
[Black "Evanno, Georges"]
[Result "0-1"]
[WhiteElo "1420"]
[BlackElo "1320"]
[PlyCount "120"]

1. c4 f5 2. Nc3 Nf6 3. d3 e6 4. Nf3 Be7 5. e4 d6 6. Be2 O-O 7. O-O b6 8. b4 a6
9. Bb2 Bd7 10. a4 Be8 11. e5 Ng4 12. d4 Nd7 13. h3 Nh6 14. b5 a5 15. d5 Bf7 16.
dxe6 Bxe6 17. Nd5 Nf7 18. Nxe7+ Qxe7 19. exd6 Nxd6 20. Ba3 Rad8 21. Qc2 Nc5 22.
Rad1 Nde4 23. Rxd8 Rxd8 24. Ne5 Rd2 25. Nc6 Qg5 26. Qb1 Rxe2 27. Bc1 Qh4 28.
Be3 f4 29. Qd1 Nc3 30. Qd8+ Qxd8 31. Nxd8 fxe3 32. fxe3 Rxe3 33. Kh2 Bxc4 34.
Rf4 Bd5 35. h4 Ne6 36. Nxe6 Bxe6 37. Rc4 Bxc4 38. h5 Re4 39. g4 Re3 40. g5 Be2
41. h6 Bh5 42. Kg2 gxh6 43. gxh6 Nd5 44. Kf2 Kf7 45. Kg2 Kg6 46. Kf2 Kxh6 47.
Kg1 Rf3 48. Kh2 Ne3 49. Kg1 Rf1+ 50. Kh2 Bg6 51. Kg3 Kh5 52. Kh2 Be4 53. Kg3 h6
54. Kh2 Rh1+ 55. Kg3 Rf1 56. Kh2 Ng4+ 57. Kg3 Rf3+ 58. Kg2 Kh4 59. Kg1 Kh3 60.
Kh1 Rf1# 0-1

[Event "0pen Est 2012/2013"]
[Site "Aubagne"]
[Date "2013.03.23"]
[Round "7.18"]
[White "Cotton, Paul"]
[Black "Mroz, Erwin"]
[Result "1-0"]
[WhiteElo "1320"]
[BlackElo "1420"]
[PlyCount "63"]

1. Nf3 d5 2. g3 c5 3. c4 d4 4. d3 Nc6 5. Bg2 Nf6 6. O-O e6 7. Na3 Be7 8. Nc2
O-O 9. Bd2 e5 10. a3 a5 11. Rb1 Bd6 12. b4 Qe7 13. b5 Nd8 14. a4 b6 15. Nxe5
Ra7 16. Nf3 Bf5 17. Re1 Qd7 18. e4 dxe3 19. Nxe3 Bxd3 20. Rb3 Bf5 21. Nxf5 Qxf5
22. Rbe3 Ne6 23. Nh4 Qh5 24. Bf3 Bf4 25. Bxh5 Bxe3 26. Bxf7+ Raxf7 27. Bxe3 Ng4
28. Qxg4 Nd4 29. Bxd4 cxd4 30. Qxd4 Rxf2 31. Qxf2 Rxf2 32. Kxf2 1-0

[Event "0pen Est 2012/2013"]
[Site "Aubagne"]
[Date "2013.03.23"]
[Round "7.19"]
[White "Besucco, Guy"]
[Black "Rouault, Alexandre"]
[Result "1-0"]
[WhiteElo "1410"]
[BlackElo "1199"]
[PlyCount "105"]

1. c4 e5 2. Nc3 Nf6 3. e4 Bc5 4. h3 d6 5. g3 O-O 6. Bg2 c6 7. Nge2 a6 8. O-O
Nbd7 9. d3 h6 10. Kh2 Re8 11. f4 Qe7 12. f5 Ba7 13. g4 Nh7 14. Ng3 Nhf6 15. h4
Nxe4 16. Ncxe4 Qxh4+ 17. Bh3 d5 18. cxd5 cxd5 19. Nc3 Nf6 20. Qf3 Rd8 21. Bd2
d4 22. Nce4 Rb8 23. Be1 Nxe4 24. Nxe4 Qe7 25. f6 Qe6 26. fxg7 Kxg7 27. Bh4 Rf8
28. Qf6+ Qxf6 29. Bxf6+ Kg6 30. Bxe5 Ra8 31. Rf6+ Kh7 32. Raf1 Be6 33. g5 Bxh3
34. Kxh3 hxg5 35. Nxg5+ Kg8 36. Rg1 Rfe8 37. Nxf7+ Kf8 38. Nd6+ Ke7 39. Nxe8
Rxe8 40. Rg7+ Kd8 41. Bc7+ Kc8 42. Rff7 Re3+ 43. Kg2 Re2+ 44. Kf1 Re8 45. Rf6
Bb8 46. Bxb8 Kxb8 47. Rff7 b5 48. Rb7+ Ka8 49. Ra7+ Kb8 50. Rxa6 Rf8+ 51. Ke2
Re8+ 52. Kf3 Re3+ 53. Kf4 1-0

[Event "0pen Est 2012/2013"]
[Site "Aubagne"]
[Date "2013.03.23"]
[Round "7.20"]
[White "Periale, Albert"]
[Black "Morata, Serge"]
[Result "0-1"]
[WhiteElo "1400"]
[BlackElo "1090"]
[PlyCount "112"]

1. d4 d5 2. c4 c6 3. Nc3 Nf6 4. cxd5 cxd5 5. Nf3 e6 6. Bf4 Bb4 7. h3 a6 8. e3
b5 9. Bd3 Bb7 10. O-O Nbd7 11. Qc2 Rc8 12. Qd2 O-O 13. Rac1 Re8 14. a3 Bf8 15.
Rfe1 g6 16. e4 Bg7 17. e5 Ne4 18. Nxe4 dxe4 19. Bxe4 Rxc1 20. Qxc1 Bxe4 21.
Rxe4 Qc8 22. Re1 Qxc1 23. Rxc1 Nb6 24. b3 Bf8 25. b4 Nc4 26. Nd2 Nxa3 27. Nb1
Bxb4 28. Nxa3 Bxa3 29. Ra1 Bb2 30. Rxa6 Bxd4 31. Ra3 b4 32. Rb3 Bc5 33. Be3
Bxe3 34. Rxe3 Rb8 35. Rb3 Rb5 36. f4 g5 37. g3 Kg7 38. Kf2 gxf4 39. gxf4 f6 40.
exf6+ Kxf6 41. Kf3 Kf5 42. Ke3 e5 43. fxe5 Rxe5+ 44. Kd4 Re4+ 45. Kc5 Rh4 46.
Rxb4 Rxb4 47. Kxb4 Kg5 48. Kc4 Kh4 49. Kd4 Kxh3 50. Ke3 Kg3 51. Ke4 h5 52. Ke3
h4 53. Ke2 Kg2 54. Ke1 h3 55. Ke2 h2 56. Ke1 h1=Q+ 0-1

[Event "0pen Est 2012/2013"]
[Site "Aubagne"]
[Date "2013.03.23"]
[Round "7.21"]
[White "Moerenhout, Jean Claude"]
[Black "Danthier, Christophe"]
[Result "1-0"]
[WhiteElo "1380"]
[BlackElo "1499"]
[PlyCount "41"]

1. d4 d5 2. Nf3 e6 3. e3 Bb4+ 4. c3 Be7 5. Bd3 f6 6. Nfd2 b6 7. O-O c6 8. Re1
Na6 9. e4 c5 10. e5 cxd4 11. cxd4 Nc5 12. Qh5+ Kf8 13. Bc2 Nh6 14. Nf3 Qc7 15.
Bxh6 gxh6 16. Qxh6+ Ke8 17. exf6 Bf8 18. Qh5+ Kd8 19. b4 Ne4 20. Bxe4 dxe4 21.
Rxe4 1-0

[Event "0pen Est 2012/2013"]
[Site "Aubagne"]
[Date "2013.03.23"]
[Round "7.22"]
[White "Brongers, Claudine"]
[Black "Pietrac, Christian"]
[Result "1-0"]
[WhiteElo "1320"]
[BlackElo "1499"]
[PlyCount "189"]

1. e4 e6 2. d4 d5 3. e5 c5 4. c3 Bd7 5. Nf3 Be7 6. Be2 Nc6 7. O-O cxd4 8. cxd4
Nh6 9. h3 O-O 10. a3 f6 11. Nc3 Nf7 12. exf6 Bxf6 13. Bf4 Qb6 14. Bb5 a6 15.
Bxc6 Bxc6 16. b3 Rac8 17. a4 Qa5 18. Bd2 Qc7 19. Re1 e5 20. Bc1 Rfe8 21. Bb2 e4
22. Nh2 Re6 23. Rc1 Rce8 24. Nxd5 Qd8 25. Nf4 Rd6 26. Ne2 Bh4 27. g3 Bg5 28.
Rc3 Bd5 29. h4 Bf6 30. Nf4 Bc6 31. Rc4 Ne5 32. Rc2 g5 33. Nh5 Nf3+ 34. Nxf3
exf3 35. Rxe8+ Qxe8 36. Nxf6+ Rxf6 37. d5 Rd6 38. Rd2 Bd7 39. Ba3 Rg6 40. h5
Rh6 41. Rd4 g4 42. Bc1 Rxh5 43. d6 Qe2 44. Qxe2 fxe2 45. Re4 Rd5 46. Kg2 Rd1
47. Rxe2 Rxc1 48. Re7 Bc6+ 49. f3 Bxf3+ 50. Kf2 Rc2+ 51. Kg1 Rg2+ 52. Kf1 Rd2
53. d7 Rd1+ 54. Kf2 Rd2+ 55. Ke3 Re2+ 56. Kf4 Rd2 57. Re8+ Kf7 58. d8=Q Rxd8
59. Rxd8 Ke7 60. Rh8 Kd7 61. Rxh7+ Kc6 62. b4 Kb6 63. Rh6+ Ka7 64. a5 Ka8 65.
Ke5 Ka7 66. Kd4 Ka8 67. Kc5 Ka7 68. b5 axb5 69. Kxb5 Bc6+ 70. Kc5 Ka6 71. Kb4
Ka7 72. Rg6 Bf3 73. Kc5 Bc6 74. Rxg4 Ka6 75. Kb4 b6 76. Rg5 bxa5+ 77. Rxa5+ Kb7
78. Kc5 Bf3 79. Rb5+ Kc7 80. Rb6 Bg4 81. Rg6 Bh5 82. Rg7+ Kd8 83. Kd6 Be8 84.
Ra7 Bd7 85. Ra8+ Bc8 86. g4 Ke8 87. Rxc8+ Kf7 88. Ke5 Ke7 89. g5 Kd7 90. Rh8
Ke7 91. Rh7+ Kf8 92. Ke6 Kg8 93. g6 Kf8 94. Ra7 Kg8 95. Kf6 1-0

[Event "0pen Est 2012/2013"]
[Site "Aubagne"]
[Date "2013.03.23"]
[Round "7.23"]
[White "Turpin, Isabelle"]
[Black "Kallenberg, Hardi"]
[Result "0-1"]
[WhiteElo "1070"]
[BlackElo "1480"]
[PlyCount "78"]

1. c4 e5 2. Nc3 Nf6 3. g3 Bb4 4. Bg2 c6 5. Nf3 e4 6. Nd4 Bxc3 7. bxc3 d5 8. d3
Qa5 9. Bd2 O-O 10. Qc1 exd3 11. exd3 Re8+ 12. Kf1 dxc4 13. Qc2 cxd3 14. Qxd3
Na6 15. Qf3 Qa3 16. h4 Bg4 17. Qd3 Nc5 18. Qc2 Nce4 19. f3 Nxg3+ 20. Kg1 Nxh1
21. Kxh1 Bh5 22. Bf1 Qd6 23. f4 Rad8 24. Rb1 c5 25. Nb3 b6 26. Re1 Rxe1 27.
Bxe1 Qd1 28. Qf2 Bf3+ 29. Bg2 Bxg2+ 30. Kxg2 Ne4 31. Qe3 f5 32. Kf1 Rd3 33. Qc1
Ng3+ 34. Kg2 Qf3+ 35. Kh2 Nf1+ 36. Kg1 Rd1 37. Qc2 Rxe1 38. Nd2 Nxd2+ 39. Kh2
Rh1# 0-1

[Event "0pen Est 2012/2013"]
[Site "Aubagne"]
[Date "2013.03.23"]
[Round "7.25"]
[White "Roux, Jean-Marie"]
[Black "Batalov, Azat"]
[Result "0-1"]
[WhiteElo "1316"]
[BlackElo "1499"]
[PlyCount "44"]

1. e4 c5 2. Nf3 Nc6 3. Nc3 d6 4. Bc4 Nf6 5. d3 g6 6. Be3 Bg7 7. Qd2 O-O 8. Bh6
a6 9. Bxg7 Kxg7 10. h4 b5 11. Bb3 Rb8 12. O-O-O Qb6 13. Rdg1 c4 14. dxc4 bxc4
15. Bxc4 Qxb2+ 16. Kd1 Bg4 17. Nd5 Nxe4 18. Qe3 f5 19. h5 Nd4 20. Bb3 Rxb3 21.
Qc1 Rd3+ 22. cxd3 Qe2# 0-1

[Event "0pen Est 2012/2013"]
[Site "Aubagne"]
[Date "2013.03.23"]
[Round "7.26"]
[White "Bauden, Thomas"]
[Black "Conti, Guillaume"]
[Result "0-1"]
[WhiteElo "1190"]
[BlackElo "1510"]
[PlyCount "31"]

1. f4 d5 2. Nf3 g6 3. e3 Bg7 4. Be2 Nc6 5. O-O e5 6. Re1 h6 7. fxe5 Nxe5 8. Nc3
Nxf3+ 9. Bxf3 c6 10. b3 Qg5 11. h3 Bxh3 12. g4 Qh4 13. Kh2 Bxg4+ 14. Kg1 Qg3+
15. Kf1 Bxf3 16. Ne2 0-1

[Event "0pen Est 2012/2013"]
[Site "Aubagne"]
[Date "2013.03.23"]
[Round "7.27"]
[White "Autouard, Jean Luc"]
[Black "Masson, Wally"]
[Result "1-0"]
[WhiteElo "1499"]
[BlackElo "1270"]
[PlyCount "65"]

1. e4 e5 2. Nf3 Nc6 3. Bc4 Nf6 4. Nc3 Bb4 5. O-O Bxc3 6. dxc3 Nxe4 7. Qd5 Ng5
8. Bxg5 O-O 9. Bxd8 Nxd8 10. Nxe5 c6 11. Qd3 b5 12. Bb3 d5 13. a4 Ba6 14. Qh3
bxa4 15. Rfe1 Bc8 16. Nd7 axb3 17. cxb3 Nb7 18. Re7 Nc5 19. Rae1 Bxd7 20. Qe3
Ne6 21. Rxd7 Rfe8 22. g3 h6 23. Kf1 Nf8 24. Re7 Rxe7 25. Qxe7 Rb8 26. b4 a6 27.
Qc5 Rc8 28. h4 Ne6 29. Qe3 Rd8 30. Qb6 d4 31. Rxe6 fxe6 32. Qxd8+ Kf7 33. Qxd4
1-0

[Event "0pen Est 2012/2013"]
[Site "Aubagne"]
[Date "2013.03.23"]
[Round "7.28"]
[White "Escaillon, Gilbert"]
[Black "Lang, Michel"]
[Result "0-1"]
[WhiteElo "1190"]
[BlackElo "1440"]
[PlyCount "98"]

1. e4 e5 2. Bc4 Be7 3. Nf3 Nc6 4. Ng5 Bxg5 5. O-O Qe7 6. Nc3 Nf6 7. a3 d6 8. d3
Bxc1 9. Rxc1 Be6 10. Bxe6 Qxe6 11. Nb5 O-O-O 12. d4 exd4 13. Nxd4 Qxe4 14. Re1
Qd5 15. c3 Rde8 16. Rf1 Ne4 17. Qd3 Nc5 18. Qd1 g6 19. Rc2 f6 20. Rd2 Re5 21.
Nf3 Qb3 22. Nxe5 Qxd1 23. Rdxd1 Nxe5 24. f4 Ng4 25. h3 Ne3 26. Rde1 Nxf1 27.
Rxf1 Re8 28. h4 Re2 29. b4 Nd3 30. f5 Re1 31. fxg6 Rxf1+ 32. Kxf1 hxg6 33. Ke2
Nf4+ 34. Kf3 Nh5 35. g4 Ng7 36. g5 fxg5 37. hxg5 Kd7 38. Ke4 Ke6 39. c4 Ne8 40.
a4 c6 41. a5 Nc7 42. a6 Nxa6 43. b5 Nc5+ 44. Kd4 Kf5 45. bxc6 bxc6 46. Kc3 Kxg5
47. Kb4 Kf5 48. Ka5 g5 49. Kb4 g4 0-1

[Event "0pen Est 2012/2013"]
[Site "Aubagne"]
[Date "2013.03.23"]
[Round "7.29"]
[White "Veith, Irene"]
[Black "Tosato, Tony"]
[Result "1-0"]
[WhiteElo "1420"]
[BlackElo "1030"]
[PlyCount "69"]

1. e4 b6 2. d4 Bb7 3. Nc3 e6 4. Bc4 d5 5. exd5 exd5 6. Be2 Qe7 7. Nf3 Nd7 8.
Bf4 O-O-O 9. Nb5 Ba6 10. a4 Bxb5 11. axb5 a5 12. O-O Ngf6 13. Re1 c5 14. Bf1
Ne4 15. c3 Qf6 16. Be3 Bd6 17. Rc1 c4 18. Qa4 Qe6 19. b4 Kc7 20. bxa5 Ra8 21.
a6 Ra7 22. Rc2 Qg6 23. Bc1 Qh5 24. h3 g5 25. Be2 f5 26. Nh2 Qh4 27. Be3 f4 28.
Bf3 fxe3 29. Rxe3 Rf8 30. Bxe4 dxe4 31. Qxc4+ Kd8 32. Rce2 Nf6 33. Qc6 Rc7 34.
Qxd6+ Kc8 35. Qxf8+ 1-0

[Event "0pen Est 2012/2013"]
[Site "Aubagne"]
[Date "2013.03.23"]
[Round "7.30"]
[White "Pegon, Claude"]
[Black "Catanese, Sauveur"]
[Result "1/2-1/2"]
[WhiteElo "1190"]
[BlackElo "1170"]
[PlyCount "72"]

1. c4 Nf6 2. g3 g6 3. Bg2 Bg7 4. Nf3 O-O 5. O-O c5 6. d3 d6 7. Bd2 Nc6 8. a3
Rb8 9. b4 b6 10. d4 Ne4 11. e3 Nxd2 12. Qxd2 e6 13. Nc3 Bb7 14. Rab1 Ne7 15.
bxc5 dxc5 16. Rb3 cxd4 17. exd4 Bxf3 18. Bxf3 Qxd4 19. Rd1 Qxd2 20. Rxd2 Rfd8
21. Rxd8+ Rxd8 22. Nb5 a6 23. Nc7 Nc6 24. Bxc6 Rc8 25. Rxb6 Rxc7 26. Rxa6 Rc8
27. a4 Rb8 28. c5 Rb1+ 29. Kg2 Rc1 30. Ra5 Bd4 31. Rb5 Bxc5 32. Bd7 Kg7 33. a5
Rc2 34. a6 Bxf2 35. Kh3 Ra2 36. Bc8 Bg1 1/2-1/2

[Event "0pen Est 2012/2013"]
[Site "Aubagne"]
[Date "2013.03.23"]
[Round "7.31"]
[White "Garbe, Georges"]
[Black "Attali, Josh"]
[Result "1-0"]
[WhiteElo "1300"]
[BlackElo "1199"]
[PlyCount "53"]

1. c4 e5 2. e4 Nc6 3. Nc3 Nf6 4. g3 Bc5 5. Bg2 O-O 6. Nf3 d6 7. d3 Nd4 8. Nxd4
Bxd4 9. O-O Bg4 10. Bf3 Qd7 11. Nd5 Bh3 12. Bg2 Nxd5 13. cxd5 Qg4 14. Qxg4 Bxg4
15. Be3 Bxb2 16. Rab1 Bd4 17. Rxb7 Bxe3 18. fxe3 Be2 19. Rc1 Rfc8 20. Bh3 Rab8
21. Bxc8 Rxc8 22. Rbxc7 Rxc7 23. Rxc7 h6 24. d4 Bd3 25. dxe5 dxe5 26. d6 Kf8
27. Rc8# 1-0

[Event "0pen Est 2012/2013"]
[Site "Aubagne"]
[Date "2013.03.23"]
[Round "7.33"]
[White "Gousseau, Michel"]
[Black "Renoulet, Francoise"]
[Result "1-0"]
[WhiteElo "1150"]
[BlackElo "1499"]
[PlyCount "51"]

1. d4 d5 2. e3 c6 3. Nf3 Nd7 4. b3 g6 5. Bb2 Bg7 6. c4 Ngf6 7. Nc3 e6 8. Bd3 b6
9. e4 h5 10. O-O Ng4 11. h3 Ndf6 12. e5 Qe7 13. a3 O-O 14. Ng5 Bb7 15. Qc2 Bh6
16. hxg4 h4 17. f4 Nh5 18. Qf2 f5 19. gxh5 gxh5 20. Qxh4 Qg7 21. Rf3 Rf7 22.
Rg3 Raf8 23. Nxe6 Qg6 24. Rxg6+ Kh7 25. Qxh5 Kh8 26. Qxh6+ 1-0

[Event "0pen Est 2012/2013"]
[Site "Aubagne"]
[Date "2013.03.23"]
[Round "7.34"]
[White "Gianfranceschi, Gerard"]
[Black "Jacquemard, Jean"]
[Result "0-1"]
[WhiteElo "1010"]
[BlackElo "1310"]
[PlyCount "54"]

1. d4 d5 2. e3 Nf6 3. c4 e6 4. Nc3 c5 5. Nf3 Be7 6. Be2 O-O 7. O-O Nc6 8. Ne5
Nxe5 9. dxe5 Nd7 10. cxd5 Nxe5 11. f4 Ng6 12. e4 f5 13. Qc2 a6 14. Be3 e5 15.
exf5 Bxf5 16. Qb3 Kh8 17. Qb6 Qxb6 18. Na4 Qc7 19. Rfd1 Qd6 20. g4 Bc2 21. b3
Bxd1 22. Rxd1 exf4 23. Bf2 f3 24. Bxf3 Rxf3 25. Bxc5 Qxc5+ 26. Nxc5 Bxc5+ 27.
Kg2 Rf2+ 0-1

[Event "0pen Est 2012/2013"]
[Site "Aubagne"]
[Date "2013.03.23"]
[Round "7.35"]
[White "Lognos, Lina"]
[Black "Periale, Francine"]
[Result "1-0"]
[WhiteElo "1187"]
[BlackElo "1100"]
[PlyCount "95"]

1. c4 c5 2. Nc3 e5 3. d3 Nc6 4. Nf3 Nf6 5. g3 Be7 6. Bg2 O-O 7. O-O d5 8. cxd5
Nxd5 9. Bd2 a6 10. a3 Be6 11. Na2 b5 12. e4 Nf6 13. Ng5 Bg4 14. Qe1 h6 15. Nf3
Be6 16. b4 Nd4 17. Nxd4 exd4 18. bxc5 Bxc5 19. Bb4 Rc8 20. Bxc5 Rxc5 21. Nb4
Bc8 22. Rc1 Rc3 23. Rxc3 dxc3 24. Qxc3 a5 25. Nc6 Qc7 26. e5 Ne8 27. Rb1 Bd7
28. Rxb5 a4 29. Ra5 f6 30. Qc4+ Kh7 31. e6 Nd6 32. Qxa4 Bxe6 33. Be4+ f5 34.
Nd4 Rf6 35. Qb4 fxe4 36. dxe4 Qe7 37. e5 Rf8 38. exd6 Qf7 39. Qb1+ g6 40. Qb2
Qf6 41. Ra7+ Kg8 42. Qe2 Re8 43. d7 Rf8 44. Qxe6+ Rf7 45. Qxf6 Rxf6 46. d8=Q+
Rf8 47. Ne6 Rxd8 48. Nxd8 1-0

[Event "0pen Est 2012/2013"]
[Site "Aubagne"]
[Date "2013.04.20"]
[Round "8.1"]
[White "Israel, Daniel"]
[Black "Salvi, Michel"]
[Result "1-0"]
[WhiteElo "1814"]
[BlackElo "1555"]
[PlyCount "81"]

1. c4 e6 2. g3 d5 3. cxd5 exd5 4. d4 Nf6 5. Bg2 c6 6. Nc3 Be7 7. Nf3 O-O 8. O-O
Re8 9. Re1 Bf8 10. Bg5 Nbd7 11. a3 h6 12. Bf4 g5 13. Be5 Ng4 14. h3 Ngxe5 15.
dxe5 Nxe5 16. Nxe5 Rxe5 17. e3 Re8 18. b4 Bg7 19. Rc1 Bf5 20. g4 Bg6 21. Qb3
Rc8 22. a4 Qf6 23. Ne2 Be4 24. Nd4 Bxg2 25. Kxg2 Qg6 26. Nf5 Be5 27. b5 h5 28.
bxc6 bxc6 29. Qb7 Rc7 30. Qa6 Qe6 31. Rb1 c5 32. Qa5 a6 33. f4 hxg4 34. hxg4
gxf4 35. exf4 Qg6 36. Rxe5 Qxg4+ 37. Ng3 Rxe5 38. fxe5 Qc8 39. Qd2 Qe6 40. Qg5+
Kh7 41. Rh1+ 1-0

[Event "0pen Est 2012/2013"]
[Site "Aubagne"]
[Date "2013.04.20"]
[Round "8.2"]
[White "Gamblin, Thibaut"]
[Black "Cescon, Moreno"]
[Result "0-1"]
[WhiteElo "1480"]
[BlackElo "1741"]
[PlyCount "134"]

1. e4 e5 2. Nf3 d6 3. Nc3 Nf6 4. Bc4 Be7 5. d3 O-O 6. Nd5 Nxd5 7. Bxd5 c6 8.
Bb3 a5 9. a3 Bg4 10. Be3 Nd7 11. h3 Be6 12. Bxe6 fxe6 13. Qd2 d5 14. exd5 exd5
15. c3 c5 16. Qe2 Bf6 17. O-O Rc8 18. c4 d4 19. Bd2 Qc7 20. Qe4 b6 21. Bg5 Qc6
22. Qxc6 Rxc6 23. Bxf6 Rcxf6 24. Nd2 Rb8 25. Ne4 Rg6 26. b4 axb4 27. axb4 cxb4
28. Rfb1 Nc5 29. Rxb4 Nxd3 30. Rb3 Nf4 31. Ng3 h5 32. h4 Rc6 33. Rb5 Rc5 34.
Re1 Rxb5 35. cxb5 Re8 36. Nf5 Re6 37. g3 Nd3 38. Nxd4 Nxe1 39. Nxe6 Kf7 40. Nc7
Nf3+ 41. Kg2 Nd4 42. Nd5 Nxb5 43. Nxb6 Ke6 44. Nc4 Kf5 45. Ne3+ Ke4 46. Nd1 Nd6
47. Nc3+ Kd4 48. Nd1 Nf5 49. Kf3 Nh6 50. Ne3 Kd3 51. g4 g6 52. gxh5 gxh5 53.
Kg3 Ke2 54. Nc4 Nf5+ 55. Kh3 e4 56. Kg2 Nxh4+ 57. Kg3 Ng6 58. Nd6 Kd3 59. Nf5
Ke2 60. Nd4+ Kf1 61. f4 h4+ 62. Kh3 Nxf4+ 63. Kxh4 Kf2 64. Kg4 Nd5 65. Kf5 e3
66. Ke4 Nb4 67. Kf4 Nc6 0-1

[Event "0pen Est 2012/2013"]
[Site "Aubagne"]
[Date "2013.04.20"]
[Round "8.3"]
[White "Ganier, Philippe"]
[Black "Massardo, Quentin"]
[Result "1/2-1/2"]
[WhiteElo "1490"]
[BlackElo "1736"]
[PlyCount "85"]

1. d3 Nf6 2. Nf3 e6 3. g3 d5 4. Bg2 b6 5. O-O Bb7 6. Re1 c5 7. Bg5 Nbd7 8. e4
dxe4 9. dxe4 h6 10. Bxf6 Nxf6 11. Nbd2 Qc7 12. c3 Rd8 13. Qc2 c4 14. Qa4+ Qc6
15. Qxc6+ Bxc6 16. e5 Bxf3 17. Nxf3 Nd5 18. Nd4 Bc5 19. Rac1 Rd7 20. Rcd1 O-O
21. Bh3 a6 22. Nxe6 Bxf2+ 23. Kxf2 fxe6+ 24. Kg1 Re7 25. Bxe6+ Rxe6 26. Rxd5
Rf5 27. a4 Kf7 28. Re4 h5 29. Kg2 g5 30. h3 Ke7 31. Rxc4 Rfxe5 32. Rxe5 Rxe5
33. Rb4 Re6 34. Kf3 Kf6 35. Re4 Rd6 36. Rb4 Ke5 37. Ke3 Kf5 38. g4+ hxg4 39.
hxg4+ Ke5 40. Re4+ Kf6 41. b4 Rd1 42. Rc4 Re1+ 43. Kf2 1/2-1/2

[Event "0pen Est 2012/2013"]
[Site "Aubagne"]
[Date "2013.04.20"]
[Round "8.5"]
[White "Gambino, Max"]
[Black "Mallet, Philippe"]
[Result "1-0"]
[WhiteElo "1620"]
[BlackElo "1499"]
[PlyCount "79"]

1. e4 c5 2. d4 cxd4 3. c3 d6 4. Nf3 a6 5. Bc4 e6 6. cxd4 Be7 7. O-O d5 8. exd5
exd5 9. Bb3 Nf6 10. Nc3 Nc6 11. Bf4 Bd6 12. Be5 O-O 13. Nxd5 Nxd5 14. Bxd5 Qc7
15. Rc1 Bd7 16. Bxc6 bxc6 17. Qc2 Rfe8 18. Bxd6 Qxd6 19. Rfe1 Rac8 20. Qc5 Qf4
21. Qa7 Bg4 22. Ne5 Bh5 23. Nxc6 Qd2 24. Rf1 Be2 25. Ne7+ Kf8 26. Rxc8 Bb5 27.
Rxe8+ Kxe8 28. Qc5 Qe2 29. Rc1 f6 30. Nd5 Kf7 31. Qc7+ Kg6 32. Nf4+ Kh6 33.
Nxe2 Bxe2 34. Rc3 Bg4 35. Qf4+ Kh5 36. Rc5+ g5 37. Qxf6 h6 38. Rc6 Kh4 39.
Qxh6+ Bh5 40. Rc5 1-0